[Event "ESP-ch U18"]
[Site "Spain"]
[Date "1997.??.??"]
[Round "5"]
[White "Pons Carreras, David"]
[Black "Segura, S."]
[Result "1-0"]
[WhiteElo "2090"]
[BlackElo "1800"]
[PlyCount "95"]
[EventDate "1997.??.??"]
[EventType "swiss"]
[EventRounds "9"]
[EventCountry "ESP"]
[SourceTitle "EXT 2001"]
[Source "ChessBase"]
[SourceDate "2000.11.22"]
[SourceVersion "1"]
[SourceVersionDate "2000.11.22"]
[SourceQuality "1"]

1. d4 Nf6 2. Nf3 e6 3. Bg5 Be7 4. e3 0-0 5. Bd3 b6 6. Nbd2 Bb7 7. c3 d5 8. Ne5 Nbd7 9. Qc2 h6 10. Bh4 Nxe5 11. dxe5 Nd7 12. Bg3 c5 13. Qd1 Qc7 14. Qh5 d4 15. exd4 cxd4 16. cxd4 Rfd8 17. Qe2 Nb8 18. 0-0 Nc6 19. Rac1 Rxd4 20. Nb3 Rd7 21. f4 Qd8 22. Bb1 Nd4 23. Nxd4 Rxd4 24. Be1 Bc5 25. Kh1 a5 26. Qc2 Be4 27. Qb3 Bd5 28. Qg3 Bc4 29. Bc3 Bxf1 30. Bxd4 Qxd4 31. Rxf1 Qxb2 32. f5 exf5 33. Qf3 Rf8 34. Qxf5 g6 35. Qf6 Bd4 36. Bxg6 Bxe5 37. Bxf7+ Rxf7 38. Qxf7+ Kh8 39. Qf8+ Kh7 40. Qf7+ Kh8 41. Qe8+ Kh7 42. Qf7+ Bg7 43. a4 Qd4 44. Qf4 Kg8 45. Qxd4 Bxd4 46. g3 Kg7 47. Kg2 Bc5 48. Rf5 1-0

[Event "ESP-ch U18"]
[Site "Spain"]
[Date "1997.??.??"]
[Round "6"]
[White "Segura, S."]
[Black "Barrasa Lopez, Juan Ignacio"]
[Result "0-1"]
[WhiteElo "1800"]
[BlackElo "2065"]
[PlyCount "78"]
[EventDate "1997.??.??"]
[EventType "swiss"]
[EventRounds "9"]
[EventCountry "ESP"]
[SourceTitle "EXT 2001"]
[Source "ChessBase"]
[SourceDate "2000.11.22"]
[SourceVersion "1"]
[SourceVersionDate "2000.11.22"]
[SourceQuality "1"]

1. d4 Nf6 2. c4 g6 3. Nc3 Bg7 4. e4 d6 5. Nf3 0-0 6. Be2 e5 7. dxe5 dxe5 8. Qxd8 Rxd8 9. Bg5 c6 10. Nxe5 Re8 11. 0-0-0 Na6 12. f4 Nc5 13. Bd3 Nh5 14. g4 Nxf4 15. Bxf4 Bxe5 16. Bxe5 Rxe5 17. h3 Be6 18. b3 a5 19. Bc2 Kg7 20. Rhe1 h5 21. gxh5 Rxh5 22. Ne2 Rxh3 23. Nf4 Rhh8 24. Nxe6+ Nxe6 25. Rd7 Nc5 26. Rd2 Rad8 27. Red1 Rxd2 28. Rxd2 Re8 29. Rd4 Re7 30. Kd2 Rd7 31. Ke3 Kf6 32. Rxd7 Nxd7 33. Kd4 b6 34. a3 Ke6 35. b4 c5+ 36. bxc5 bxc5+ 37. Kc3 Nb6 38. Kd3 Ke5 39. Ke3 Nxc4+ 0-1